Estadísticas para Seis países más cercanos: Corea del Sur

Haz click aquí para intentar la prueba.

Estadísticas generales

  • Esta prueba ha sido intentada 29 veces
  • La puntuación promedio es 5 de 6

Estadísticas de respuestas

kmpaís% Correcto
0Corea
del Norte
100%
263China
96%
50Japón
89%
455Rusia
82%
990Taiwán
71%
1040Mongolia
68%

Distribución de puntuación

Porcentaje por número respondido

Porcentaje de gente con cada puntuación

Historial de tus puntuaciones

No has intentado esta prueba.